000 00807cab a22001815a 4500
001 L152603
008 110331e20110305xxk 000 0 eng d
035 _a(Sirsi) u152603
041 0 _aeng
100 1 _aNorth, David
245 0 0 _aFirm footings
490 _aEstates Gazette
_v(1109) 5 March 2011, 154-156(3)
520 _aExamines the student accommodation market which has seen impressive rental growth and investment over the last two years. Further looks at possible solutions to problems of the lack of funding from the banks in this sector which includes obtaining funding from cash rich investors who are getting lower returns from other areas.
590 _aKA
651 4 _aUnited Kingdom
690 _aPROPERTY-RESIDENTIAL PROPERTY-RESIDENTIAL PROPERTY FINANCE AND INVESTMENT
942 _n0
999 _c83021
_d83021